000
00318nam a2200133Ia 4500
008
220204s9999 xx 000 0 und d
082
_a
629.113
_b
NAR
100
_a
Narang, G B S
245
0
_a
Automobile engineering
250
_a
2
260
_a
Delhi
_b
Khanna
_c
1979
650
_a
Automobile engineering
942
_c
BK
999
_c
31201
_d
31201